| 000 | 01249cam a2200313 a 4500 | ||
|---|---|---|---|
| 001 | 2614397 | ||
| 003 | NUST | ||
| 005 | 20201023105019.0 | ||
| 008 | 980204s1999 nyua b 001 0 eng | ||
| 010 | _a 98013181 | ||
| 020 | _a0387984909 (alk. paper) | ||
| 038 | _aSNS Library Staff | ||
| 040 |
_aDLC _cDLC _dDLC |
||
| 050 | 0 | 0 |
_aQC178 _b.F53 1999 |
| 082 | 0 | 0 |
_a531.14 _221 _bFIS |
| 100 | 1 |
_aFischbach, Ephraim. _934435 |
|
| 245 | 1 | 4 |
_aThe Search For Non-Newtonian Gravity _cEphraim Fischbach, Carrick L. Talmadge. |
| 260 |
_aNew York : _bSpringer, _cc1999. |
||
| 300 |
_axvii, 305 p. : _bill. ; _c24 cm. |
||
| 440 |
_aThe Search For Non-Newtonian Gravity _934436 |
||
| 504 | _aIncludes bibliographical references (p. [247]-286) and indexes. | ||
| 650 | 0 |
_aGravitation. _910597 |
|
| 700 | 1 |
_aTalmadge, Carrick L. _934437 |
|
| 856 | 4 | 2 |
_3Publisher description _uhttp://www.loc.gov/catdir/enhancements/fy0812/98013181-d.html |
| 856 | 4 | 1 |
_3Table of contents only _uhttp://www.loc.gov/catdir/enhancements/fy0812/98013181-t.html |
| 906 |
_a7 _bcbu _corignew _d1 _eocip _f19 _gy-gencatlg |
||
| 942 |
_2ddc _cBK _k531.14 FIS |
||
| 999 |
_c540422 _d540422 |
||